[Event "SRI-chT"]
[Site "Colombo"]
[Date "2023.07.30"]
[Round "4.5"]
[White "Gunasekara, WAN Senpathi"]
[Black "Weerasinghe, CC."]
[Result "0-1"]
[WhiteElo "1583"]
[BlackElo "1741"]
[PlyCount "52"]
[EventDate "2023.07.28"]
[EventType "team-tourn"]
[EventRounds "9"]
[EventCountry "SRI"]
[SourceTitle "CBM 215 Extra"]
[Source "ChessBase"]
[SourceDate "2023.09.30"]
[SourceVersion "1"]
[SourceVersionDate "2023.09.30"]
[SourceQuality "1"]
[WhiteTeam "Maroons CC"]
[BlackTeam "Sokians CC"]
[WhiteTeamCountry "SRI"]
[BlackTeamCountry "SRI"]

1. e4 c5 2. Nc3 Nc6 3. f4 g6 4. Nf3 Bg7 5. Bb5 Nd4 6. Bd3 e6 7. e5 d6 8. 0-0 Nh6 9. Ne4 dxe5 10. fxe5 0-0 11. c3 Nxf3+ 12. Qxf3 Bxe5 13. Bc2 Bg7 14. d3 f5 15. Ng5 e5 16. Bb3+ Kh8 17. Be6 Qe7 18. Bxc8 Raxc8 19. Re1 Nf7 20. Nh3 Rcd8 21. Be3 Rxd3 22. Bg5 Qd7 23. Qf2 Rxh3 24. gxh3 Nxg5 25. Qe3 f4 26. Rad1 Qxd1 0-1

[Event "SRI-chT"]
[Site "Colombo"]
[Date "2023.07.29"]
[Round "3.6"]
[White "Gunasekara, WAN Senpathi"]
[Black "Liyanapathirana, Pasan Vindula"]
[Result "1/2-1/2"]
[WhiteElo "1583"]
[BlackElo "1773"]
[PlyCount "77"]
[EventDate "2023.07.28"]
[EventType "team-tourn"]
[EventRounds "9"]
[EventCountry "SRI"]
[SourceTitle "CBM 215 Extra"]
[Source "ChessBase"]
[SourceDate "2023.09.30"]
[SourceVersion "1"]
[SourceVersionDate "2023.09.30"]
[SourceQuality "1"]
[WhiteTeam "Maroons CC"]
[BlackTeam "Anandians CC"]
[WhiteTeamCountry "SRI"]
[BlackTeamCountry "SRI"]

1. e4 e5 2. Nf3 Nc6 3. d4 exd4 4. Bc4 Nf6 5. e5 d5 6. Bb5 Ne4 7. Nxd4 Bc5 8. Bxc6+ bxc6 9. Be3 Ba6 10. Qg4 0-0 11. Nf5 g6 12. Bxc5 Nxc5 13. Nd2 Bc8 14. Qb4 Na6 15. Ne7+ Kg7 16. Qh4 f5 17. Nf3 h6 18. Nxc6 Qxh4 19. Nxh4 Bd7 20. Ne7 g5 21. Nf3 c6 22. Nd4 c5 23. e6 cxd4 24. exd7 Rad8 25. Nc6 Rxd7 26. Nxd4 Re8+ 27. Kd2 Kf6 28. Rhe1 Rxe1 29. Rxe1 Nc5 30. f3 Rd6 31. b4 Nd7 32. Nb5 Rc6 33. Nxa7 Rb6 34. c3 Ne5 35. a4 Ra6 36. Nb5 Rxa4 37. Nc7 Ra2+ 38. Ke3 Rxg2 39. Nxd5+ 1/2-1/2

[Event "SRI-chT"]
[Site "Colombo"]
[Date "2023.07.28"]
[Round "1.6"]
[White "Gunasekara, WAN Senpathi"]
[Black "Seneviratne, Malinda"]
[Result "1-0"]
[WhiteElo "1583"]
[BlackElo "1806"]
[PlyCount "67"]
[EventDate "2023.07.28"]
[EventType "team-tourn"]
[EventRounds "9"]
[EventCountry "SRI"]
[SourceTitle "CBM 215 Extra"]
[Source "ChessBase"]
[SourceDate "2023.09.30"]
[SourceVersion "1"]
[SourceVersionDate "2023.09.30"]
[SourceQuality "1"]
[WhiteTeam "Maroons CC"]
[BlackTeam "DBK"]
[WhiteTeamCountry "SRI"]
[BlackTeamCountry "SRI"]

1. e4 e5 2. Nf3 Nc6 3. d4 exd4 4. Bc4 Nf6 5. e5 d5 6. Bb5 Ne4 7. Nxd4 Bd7 8. Bxc6 bxc6 9. 0-0 Bc5 10. f3 Ng5 11. f4 Ne4 12. Nc3 Nxc3 13. bxc3 f6 14. Re1 Kf7 15. Be3 Bxd4 16. Bxd4 Bf5 17. exf6 gxf6 18. Qh5+ Bg6 19. Qh3 Qc8 20. Qh4 Qd8 21. f5 c5 22. Bxc5 Bxf5 23. Rf1 Bxc2 24. Bd4 f5 25. Qh5+ Ke7 26. Rae1+ Be4 27. Rxf5 Qg8 28. Rg5 Qf7 29. Rg7 Rhf8 30. Rxf7+ Rxf7 31. Rxe4+ dxe4 32. Qe5+ Kf8 33. Qh8+ Ke7 34. Qxa8 1-0

[Event "SRI-ch"]
[Site "Colombo"]
[Date "2023.03.26"]
[Round "3"]
[White "Gunasekara, WAN Senpathi"]
[Black "Samaranayake, KPRN"]
[Result "0-1"]
[WhiteElo "1558"]
[BlackElo "1916"]
[PlyCount "96"]
[EventDate "2023.03.25"]
[EventType "tourn"]
[EventRounds "13"]
[EventCountry "SRI"]
[SourceTitle "CBM 213 Extra"]
[Source "ChessBase"]
[SourceDate "2023.05.31"]
[SourceVersion "1"]
[SourceVersionDate "2023.05.31"]
[SourceQuality "1"]

1. e4 c5 2. Nc3 Nc6 3. f4 g6 4. Nf3 Bg7 5. Bb5 Nd4 6. Bd3 d6 7. h3 Nf6 8. 0-0 0-0 9. Nxd4 cxd4 10. Ne2 e5 11. c3 dxc3 12. dxc3 b5 13. Be3 Bb7 14. Qc2 Qe7 15. fxe5 dxe5 16. b4 Rfd8 17. Rad1 a6 18. Nc1 Nh5 19. Nb3 Ng3 20. Rfe1 f5 21. Nc5 f4 22. Bf2 Bc8 23. Bxg3 fxg3 24. Re3 Rf8 25. Rf1 Qg5 26. Rxf8+ Bxf8 27. Rf3 Bxc5+ 28. bxc5 Be6 29. c4 b4 30. Bf1 Rf8 31. Rxf8+ Kxf8 32. Qd3 Qf4 33. c6 Bxh3 34. c5 Be6 35. c7 Kg7 36. Qf3 Qxf3 37. gxf3 Bc8 38. Kg2 Kf6 39. Kxg3 Ke7 40. Kh4 h6 41. Bc4 Kd7 42. Bf7 Kxc7 43. Bxg6 Be6 44. Be8 Bxa2 45. Ba4 b3 46. Kh5 b2 47. Bc2 b1Q 48. Bxb1 Bxb1 0-1

[Event "SRI-chB"]
[Site "Colombo"]
[Date "2023.03.05"]
[Round "3"]
[White "Sivathanujan, S."]
[Black "Gunasekara, WAN Senpathi"]
[Result "1-0"]
[WhiteElo "1834"]
[BlackElo "1558"]
[PlyCount "87"]
[EventDate "2023.03.04"]
[EventType "swiss"]
[EventRounds "11"]
[EventCountry "SRI"]
[SourceTitle "CBM 213 Extra"]
[Source "ChessBase"]
[SourceDate "2023.05.31"]
[SourceVersion "1"]
[SourceVersionDate "2023.05.31"]
[SourceQuality "1"]

1. b3 e5 2. Bb2 Nc6 3. e3 d5 4. Bb5 Bd6 5. Nf3 Qe7 6. d4 e4 7. Ne5 Bd7 8. Nxd7 Qxd7 9. c4 a6 10. cxd5 axb5 11. dxc6 bxc6 12. Qc2 Bb4+ 13. Bc3 Bxc3+ 14. Nxc3 f5 15. 0-0 Nf6 16. Rfc1 0-0 17. Ne2 Ra6 18. a4 Rfa8 19. Nc3 Qd6 20. h3 g5 21. Rab1 Rb6 22. axb5 cxb5 23. Ne2 Nd5 24. Ng3 Qe6 25. Ra1 Rba6 26. Rxa6 Rxa6 27. Qe2 c6 28. Kh1 Nb4 29. f3 Ra2 30. Qf1 Nd3 31. Ra1 Rf2 32. Ra8+ Kf7 33. Qd1 Rxf3 34. Ra7+ Kg6 35. d5 Qe5 36. Qc2 Rxg3 37. Qxc6+ Qf6 38. Qc7 Kh5 39. Qxg3 Qb2 40. Rxh7+ Kg6 41. Qc7 Qf6 42. Re7 Qa1+ 43. Kh2 f4 44. Re6+ 1-0